[Event "Toronto Bayview Games Club #107"]
[Site "Toronto"]
[Date "2007.08.20"]
[Round "5"]
[White "Verde, Pino"]
[Black "Maguire, Jack"]
[Result "1-0"]
[WhiteElo "1652"]
[BlackElo "1435"]
[PlyCount "59"]
[EventDate "2007.07.23"]
[EventType "tourn"]
[EventRounds "7"]
[EventCountry "CAN"]
[SourceTitle "EXT 2022"]
[Source "ChessBase"]
[SourceDate "2021.10.06"]
[SourceVersion "1"]
[SourceVersionDate "2021.10.06"]
[SourceQuality "1"]

1. e4 d5 2. exd5 Nf6 3. Bb5+ Bd7 4. Bxd7+ Qxd7 5. c4 c6 6. Nf3 cxd5 7. cxd5 Nxd5 8. d4 Nc6 9. Nc3 Nxc3 10. bxc3 e6 11. Bf4 Bd6 12. Qd2 Bxf4 13. Qxf4 0-0 14. 0-0 Ne7 15. Ne5 Qd6 16. c4 f6 17. Nd3 Qxf4 18. Nxf4 Kf7 19. Rfe1 Nf5 20. Nxe6 Rfe8 21. d5 Rac8 22. g4 Nh6 23. Re4 Re7 24. Rae1 Rce8 25. h3 Ng8 26. f4 b6 27. f5 g6 28. d6 gxf5 29. gxf5 Rd7 30. Rg4 1-0

[Event "Toronto Bayview Games Club #107"]
[Site "Toronto"]
[Date "2007.07.23"]
[Round "1"]
[White "McNeil, Joan"]
[Black "Maguire, Jack"]
[Result "1/2-1/2"]
[WhiteElo "1357"]
[BlackElo "1497"]
[PlyCount "55"]
[EventDate "2007.07.23"]
[EventType "tourn"]
[EventRounds "7"]
[EventCountry "CAN"]
[SourceTitle "EXT 2022"]
[Source "ChessBase"]
[SourceDate "2021.10.06"]
[SourceVersion "1"]
[SourceVersionDate "2021.10.06"]
[SourceQuality "1"]

1. d4 Nf6 2. Nf3 e6 3. e3 c5 4. c3 g6 5. Bd3 Nc6 6. 0-0 b6 7. Nbd2 Bg7 8. e4 0-0 9. h3 Re8 10. Re1 Bb7 11. e5 Nd5 12. Ne4 Rf8 13. Bg5 f6 14. exf6 Nxf6 15. Qd2 cxd4 16. cxd4 Qc7 17. Bh6 Nxe4 18. Bxe4 Bxh6 19. Qxh6 d5 20. Bd3 Rae8 21. Ng5 Nxd4 22. Rac1 Qd7 23. h4 e5 24. f3 Rf4 25. h5 gxh5 26. Bxh7+ Qxh7 27. Qxh7+ Kf8 28. Qf7+ 1/2-1/2

[Event "Toronto Canada Day op"]
[Site "Toronto"]
[Date "2007.07.01"]
[Round "3"]
[White "Maguire, Jack"]
[Black "Armstrong, Robert J"]
[Result "1-0"]
[WhiteElo "1358"]
[BlackElo "1799"]
[PlyCount "48"]
[EventDate "2007.06.30"]
[EventType "swiss"]
[EventRounds "6"]
[EventCountry "CAN"]
[SourceTitle "EXT 2022"]
[Source "ChessBase"]
[SourceDate "2021.10.06"]
[SourceVersion "1"]
[SourceVersionDate "2021.10.06"]
[SourceQuality "1"]

1. d4 g6 2. c4 Bg7 3. e4 c5 4. Nf3 cxd4 5. Nxd4 Nc6 6. f4 Nf6 7. Nxc6 e6 8. Qd2 0-0 9. c5 d5 10. Qa5 Qxa5+ 11. Bd2 Qb4 12. Be2 Re8 13. e5 Ng4 14. 0-0 Qb6 15. Rf3 Nxe5 16. Nxe5 Bxe5 17. Be3 Bd7 18. Bd4 a5 19. g4 Qxb2 20. Kf2 Bxf4 21. Bxb2 f5 22. Bc4 Kf7 23. Be5 Bxe5 24. gxf5 gxf5 1-0

[Event "Toronto Bayview Games Club #102"]
[Site "Toronto"]
[Date "2007.04.02"]
[Round "9"]
[White "Maguire, Jack"]
[Black "Armstrong, Robert J"]
[Result "0-1"]
[WhiteElo "1387"]
[BlackElo "1740"]
[PlyCount "51"]
[EventDate "2007.02.05"]
[EventType "tourn"]
[EventRounds "9"]
[EventCountry "CAN"]
[SourceTitle "EXT 2022"]
[Source "ChessBase"]
[SourceDate "2021.10.06"]
[SourceVersion "1"]
[SourceVersionDate "2021.10.06"]
[SourceQuality "1"]

1. d4 b6 2. e4 Bb7 3. Bd3 e6 4. c4 Ne7 5. Nc3 g6 6. f4 Bg7 7. Nf3 d6 8. 0-0 Nd7 9. Be3 0-0 10. Qd2 c5 11. d5 exd5 12. cxd5 a6 13. a4 Qc7 14. Rac1 Rab8 15. Nh4 c4 16. Nd1 b5 17. axb5 axb5 18. b4 Ba1 19. Be2 Nxd5 20. exd5 Bd4 21. Bf2 Rfe8 22. Ne3 Re4 23. Bg3 Rbe8 24. Rf3 Bxe3+ 25. Rxe3 Rxe3 26. Qxe3 0-1

[Event "Toronto Bayview Games Club #101"]
[Site "Toronto"]
[Date "2007.02.26"]
[Round "8"]
[White "Verde, Pino"]
[Black "Maguire, Jack"]
[Result "1/2-1/2"]
[WhiteElo "1888"]
[BlackElo "1299"]
[PlyCount "101"]
[EventDate "2007.01.08"]
[EventType "tourn"]
[EventRounds "9"]
[EventCountry "CAN"]
[SourceTitle "EXT 2022"]
[Source "ChessBase"]
[SourceDate "2021.10.06"]
[SourceVersion "1"]
[SourceVersionDate "2021.10.06"]
[SourceQuality "1"]

1. g4 d5 2. h3 e5 3. Bg2 Nc6 4. c3 Be6 5. Na3 Bxa3 6. bxa3 Nge7 7. Rb1 Rb8 8. Nf3 Ng6 9. d3 0-0 10. Ng5 Nh4 11. Rg1 Nxg2+ 12. Rxg2 Qd7 13. e4 d4 14. c4 Ne7 15. f4 exf4 16. Bxf4 Ng6 17. Bg3 b6 18. a4 Rbe8 19. Rbb2 c5 20. Rbf2 Qd8 21. h4 h6 22. Nxe6 fxe6 23. g5 hxg5 24. Qh5 Rxf2 25. Rxf2 Nxh4 26. Qf7+ Kh8 27. Be5 Qe7 28. Bxg7+ Kh7 29. Bxd4+ Qxf7 30. Rxf7+ Kg6 31. Rg7+ Kh5 32. Be3 Ng2+ 33. Ke2 Nxe3 34. Kxe3 Rf8 35. Rxa7 g4 36. Rh7+ Kg5 37. Rh2 g3 38. Rb2 Kg4 39. Rb1 g2 40. Rg1 Kg3 41. e5 Rf1 42. Rxg2+ Kxg2 43. d4 cxd4+ 44. Kxd4 Ra1 45. c5 bxc5+ 46. Kxc5 Rxa2 47. Kd6 Rxa4 48. Kxe6 Ra6+ 49. Kf7 Ra7+ 50. Kf6 Kf3 51. e6 1/2-1/2

[Event "Toronto Bayview Games Club #101"]
[Site "Toronto"]
[Date "2007.02.19"]
[Round "7"]
[White "Maguire, Jack"]
[Black "Armstrong, Robert J"]
[Result "1/2-1/2"]
[WhiteElo "1299"]
[BlackElo "1875"]
[PlyCount "86"]
[EventDate "2007.01.08"]
[EventType "tourn"]
[EventRounds "9"]
[EventCountry "CAN"]
[SourceTitle "EXT 2022"]
[Source "ChessBase"]
[SourceDate "2021.10.06"]
[SourceVersion "1"]
[SourceVersionDate "2021.10.06"]
[SourceQuality "1"]

1. d4 g6 2. e4 Bg7 3. Nc3 d6 4. Nf3 Nf6 5. Be3 0-0 6. Qd2 c6 7. Bh6 b5 8. Bd3 Qa5 9. Bxg7 Kxg7 10. 0-0 Bg4 11. Qf4 Bxf3 12. Qxf3 Nbd7 13. Ne2 c5 14. c3 c4 15. Bc2 e5 16. Rfd1 Qb6 17. b3 Rac8 18. Rab1 cxb3 19. Bxb3 Qb7 20. Bc2 Rfd8 21. Bd3 a6 22. a4 exd4 23. cxd4 b4 24. a5 Re8 25. Ng3 Rc7 26. Qe2 Nb8 27. h3 Rec8 28. d5 Rc3 29. Qe1 Qc7 30. Rxb4 Qxa5 31. Rbb1 Qc7 32. Ra1 a5 33. Ne2 Rc5 34. Rdc1 Qb6 35. Rxc5 Rxc5 36. Nc1 Qb2 37. Rb1 Qa3 38. Nb3 Rc8 39. Qxa5 Qxa5 40. Nxa5 Rc3 41. Rxb8 Rxd3 42. Rd8 Nxe4 43. f3 Nf6 1/2-1/2

[Event "Toronto Bayview Games Club #102"]
[Site "Toronto"]
[Date "2007.02.12"]
[Round "2"]
[White "Taylor, Jason Lawrence"]
[Black "Maguire, Jack"]
[Result "1/2-1/2"]
[WhiteElo "1675"]
[BlackElo "1387"]
[PlyCount "53"]
[EventDate "2007.02.05"]
[EventType "tourn"]
[EventRounds "9"]
[EventCountry "CAN"]
[SourceTitle "EXT 2022"]
[Source "ChessBase"]
[SourceDate "2021.10.06"]
[SourceVersion "1"]
[SourceVersionDate "2021.10.06"]
[SourceQuality "1"]

1. e4 d5 2. exd5 Nf6 3. d4 Bg4 4. Be2 Bxe2 5. Qxe2 Qxd5 6. Nf3 Nc6 7. c3 0-0-0 8. 0-0 e6 9. b3 h6 10. Ba3 Bxa3 11. Nxa3 a6 12. Nc4 Ne4 13. Qe3 f6 14. Rfe1 f5 15. Nfe5 Nxe5 16. Nxe5 Rhg8 17. Ng6 Rde8 18. c4 Qd8 19. f3 Qg5 20. fxe4 Qxg6 21. Rad1 fxe4 22. Qxe4 Qxe4 23. Rxe4 Rgf8 24. Rde1 Kd7 25. a4 Rf6 26. a5 Re7 27. Re5 1/2-1/2